[Event "Moscow Aeroflot op-B"]
[Site "Moscow"]
[Date "2020.02.25"]
[Round "7"]
[White "Krapivin, Alexander"]
[Black "Chinguun, Sumiya"]
[Result "1-0"]
[WhiteElo "2394"]
[BlackElo "2304"]
[PlyCount "63"]
[EventDate "2020.02.19"]
[EventType "swiss"]
[EventRounds "9"]
[EventCountry "RUS"]
[SourceTitle "CBM 195 Extra"]
[Source "ChessBase"]
[SourceDate "2020.05.31"]
[SourceVersion "1"]
[SourceVersionDate "2020.05.31"]
[SourceQuality "1"]

1. e4 c5 2. Nc3 Nc6 3. g3 g6 4. Bg2 Bg7 5. d3 d6 6. Be3 Rb8 7. Qd2 e6 8. Nge2 b5 9. 0-0 Nge7 10. Bh6 0-0 11. Bxg7 Kxg7 12. Nd1 e5 13. Ne3 Nd4 14. c3 Nxe2+ 15. Qxe2 b4 16. f4 f6 17. Qd2 Be6 18. Rf2 bxc3 19. bxc3 Qd7 20. Raf1 Ng8 21. f5 Bf7 22. h4 Nh6 23. g4 Ng8 24. g5 gxf5 25. Nxf5+ Kh8 26. gxf6 Be6 27. Ng7 Rf7 28. Qg5 Bh3 29. Bxh3 Qxh3 30. Rf3 Qd7 31. Nh5 Qc6 32. Qg7+ 1-0

[Event "Moscow-ch rapid"]
[Site "Moscow"]
[Date "2016.09.18"]
[Round "8"]
[White "Geivondian, Arman"]
[Black "Krapivin, Alexander"]
[Result "0-1"]
[WhiteElo "2399"]
[BlackElo "2431"]
[PlyCount "80"]
[EventDate "2016.09.17"]
[EventType "swiss (rapid)"]
[EventRounds "9"]
[EventCountry "RUS"]
[SourceTitle "CBM 174 Extra"]
[Source "ChessBase"]
[SourceDate "2016.10.10"]
[SourceVersion "1"]
[SourceVersionDate "2016.10.10"]
[SourceQuality "1"]

1. d4 d5 2. c4 e6 3. Nc3 f5 4. cxd5 exd5 5. e4 dxe4 6. Bc4 Nf6 7. f3 Nc6 8. Be3 Bb4 9. fxe4 Nxe4 10. Nf3 Nxc3 11. bxc3 Bxc3+ 12. Kf2 Bxa1 13. Qxa1 Ne7 14. Re1 h6 15. Ne5 Rf8 16. d5 b6 17. Bd4 Rf6 18. Nc6 Rxc6 19. dxc6 Qd6 20. Qb2 b5 21. Bb3 Ba6 22. Be5 Qxc6 23. Rc1 Qe4 24. Re1 Qc6 25. Rc1 Qe4 26. Re1 Qc6 27. Qd2 Bb7 28. Kg1 Rd8 29. Qe2 Qe4 30. Qxb5+ Bc6 31. Qf1 Qg4 32. h3 Qg6 33. Bc3 Be4 34. Re2 Bd3 35. Rxe7+ Kxe7 36. Bb4+ Ke8 37. Qe1+ Be4 38. g3 Rd3 39. g4 Rxh3 40. Ba4+ c6 0-1

[Event "Moscow-ch rapid"]
[Site "Moscow"]
[Date "2016.09.18"]
[Round "7"]
[White "Gunina, Valentina"]
[Black "Krapivin, Alexander"]
[Result "1-0"]
[WhiteElo "2520"]
[BlackElo "2431"]
[PlyCount "57"]
[EventDate "2016.09.17"]
[EventType "swiss (rapid)"]
[EventRounds "9"]
[EventCountry "RUS"]
[SourceTitle "CBM 174 Extra"]
[Source "ChessBase"]
[SourceDate "2016.10.10"]
[SourceVersion "1"]
[SourceVersionDate "2016.10.10"]
[SourceQuality "1"]

1. d4 b6 2. e4 Bb7 3. d5 Nf6 4. Bd3 e6 5. c4 Bd6 6. Nf3 exd5 7. e5 Bb4+ 8. Kf1 dxc4 9. Bxc4 d5 10. Qa4+ Nfd7 11. Qxb4 dxc4 12. Bg5 f6 13. exf6 gxf6 14. Nc3 Bxf3 15. Re1+ Ne5 16. Rxe5+ Kf7 17. Qxc4+ Kg7 18. gxf3 fxg5 19. h4 h6 20. hxg5 h5 21. g6 Qd7 22. Rd5 Qc6 23. Qd4+ Qf6 24. Re5 Nc6 25. Qd7+ Kg8 26. Ne4 Qxf3 27. Rhxh5 Rxh5 28. Rxh5 Ne7 29. Qe6+ 1-0

[Event "Moscow Aeroflot op-B 14th"]
[Site "Moscow"]
[Date "2015.04.03"]
[Round "8"]
[White "Krapivin, Alexander"]
[Black "Gorbatov, Alexej"]
[Result "1-0"]
[WhiteElo "2436"]
[BlackElo "2372"]
[PlyCount "163"]
[EventDate "2015.03.27"]
[EventType "swiss"]
[EventRounds "9"]
[EventCountry "RUS"]
[SourceTitle "CBM 165 Extra"]
[Source "ChessBase"]
[SourceDate "2015.04.21"]
[SourceVersion "1"]
[SourceVersionDate "2015.04.21"]
[SourceQuality "1"]

1. g3 d5 2. Bg2 e5 3. d3 Nc6 4. Nf3 Nf6 5. 0-0 Be7 6. b3 0-0 7. Bb2 d4 8. c3 a5 9. Nbd2 a4 10. bxa4 dxc3 11. Bxc3 Nd5 12. Bb2 f6 13. Ne4 Be6 14. Nfd2 Qd7 15. Nb3 Rfd8 16. a5 Qe8 17. a3 Qf7 18. Qc2 Bd6 19. Rfc1 Nde7 20. Nbd2 Nxa5 21. Nxd6 cxd6 22. Bc3 Nac6 23. Qb2 Nd5 24. Nc4 Nxc3 25. Rxc3 d5 26. Nd2 Qe7 27. Nb3 Bf7 28. Rc2 Kf8 29. d4 e4 30. Rc5 Be8 31. e3 b6 32. Rc3 Qa7 33. Nd2 Qa5 34. Rac1 Ne7 35. Rb3 Rd6 36. Bf1 Ba4 37. Rb4 Be8 38. Nb1 Rc8 39. Rxc8 Nxc8 40. Nc3 Qa8 41. Bb5 Bf7 42. Ra4 Qb8 43. Ra6 g5 44. Bf1 f5 45. a4 Be8 46. a5 Qc7 47. Qa3 Kg8 48. axb6 Nxb6 49. Nxd5 Rxd5 50. Qb3 Bf7 51. Qxb6 Qxb6 52. Rxb6 Ra5 53. Ra6 Rxa6 54. Bxa6 Kg7 55. Bc8 Kf6 56. Kf1 Bh5 57. Ke1 Bg4 58. Kd2 Ke7 59. Kc3 Kd6 60. Kb4 Bh3 61. Ba6 Bg4 62. Bf1 Bh5 63. Bh3 Bg6 64. Bf1 Bh5 65. Bc4 h6 66. Kb5 Be8+ 67. Kb6 Ba4 68. Kb7 Be8 69. Kc8 Bg6 70. Kd8 Bh5 71. Bb3 Bg6 72. Bg8 g4 73. Bc4 Bh5 74. Bb3 Bg6 75. Bg8 Bh5 76. Bh7 Ke6 77. Kc7 Be8 78. Bg8+ Kf6 79. d5 Kg7 80. Be6 Kf6 81. Bd7 Bf7 82. d6 1-0

[Event "Moscow Aeroflot op-B 14th"]
[Site "Moscow"]
[Date "2015.03.29"]
[Round "3"]
[White "Pratyusha, Bodda"]
[Black "Krapivin, Alexander"]
[Result "0-1"]
[WhiteElo "2270"]
[BlackElo "2436"]
[PlyCount "138"]
[EventDate "2015.03.27"]
[EventType "swiss"]
[EventRounds "9"]
[EventCountry "RUS"]
[SourceTitle "CBM 165 Extra"]
[Source "ChessBase"]
[SourceDate "2015.04.21"]
[SourceVersion "1"]
[SourceVersionDate "2015.04.21"]
[SourceQuality "1"]

1. d4 Nf6 2. c4 b6 3. f3 e6 4. e4 d6 5. Nc3 Be7 6. Bd3 Nbd7 7. Nge2 e5 8. d5 Nh5 9. Be3 Bg5 10. Bf2 Nf4 11. Nxf4 Bxf4 12. 0-0 0-0 13. b4 a5 14. a3 Qg5 15. Nb5 axb4 16. axb4 Rxa1 17. Qxa1 Nf6 18. Rb1 Be3 19. Bf1 Bxf2+ 20. Kxf2 Ne8 21. Kg1 f5 22. Nc3 Nf6 23. exf5 Bxf5 24. Re1 Qh4 25. Nb5 e4 26. g3 Qh5 27. f4 g5 28. fxg5 Ng4 29. Qb2 Ne5 30. Nd4 Qxg5 31. Qe2 Qf6 32. Qe3 Ng4 33. Qc3 Ne5 34. Qe3 Ng4 35. Qc3 e3 36. Ne2 Qh6 37. h3 Ne5 38. Nd4 Bxh3 39. Bxh3 Qxh3 40. Qxe3 Kh8 41. Qg5 h6 42. Qh4 Qxh4 43. gxh4 Rf4 44. Ne6 Rxc4 45. Ra1 Rxb4 46. Nxc7 Rxh4 47. Nb5 Nc4 48. Ra4 h5 49. Ra8+ Kh7 50. Rc8 Kg6 51. Rc6 Kg5 52. Nxd6 Nxd6 53. Rxd6 Rb4 54. Re6 Kf5 55. Kf2 b5 56. Ke3 h4 57. Re8 Rb1 58. Kf2 h3 59. Kg3 Rb3+ 60. Kh2 Rd3 61. Rh8 Ke4 62. d6 Rxd6 63. Rb8 Rd5 64. Kxh3 Kd4 65. Kg3 Kc3 66. Kf2 b4 67. Ke2 b3 68. Rc8+ Kb4 69. Rb8+ Rb5 0-1

[Event "Moscow op-A"]
[Site "Moscow"]
[Date "2015.02.07"]
[Round "8"]
[White "Krapivin, Alexander"]
[Black "Kazakouski, Valery"]
[Result "1-0"]
[WhiteElo "2443"]
[BlackElo "2354"]
[PlyCount "69"]
[EventDate "2015.01.31"]
[EventType "swiss"]
[EventRounds "9"]
[EventCountry "RUS"]
[SourceTitle "CBM 164 Extra"]
[Source "ChessBase"]
[SourceDate "2015.03.02"]
[SourceVersion "1"]
[SourceVersionDate "2015.03.02"]
[SourceQuality "1"]

1. e4 c5 2. c4 Nc6 3. g3 g6 4. Bg2 Bg7 5. Nc3 d6 6. d3 e6 7. Nge2 Nge7 8. 0-0 0-0 9. Bg5 h6 10. Be3 Nd4 11. Qd2 Kh7 12. Rab1 Nec6 13. f4 Bd7 14. Bf2 f5 15. exf5 gxf5 16. Nxd4 Nxd4 17. Ne2 Bc6 18. b4 Qd7 19. Bxc6 Qxc6 20. Nxd4 cxd4 21. c5 Rac8 22. Rfe1 Rfe8 23. Qd1 b6 24. cxd6 Qxd6 25. Qh5 Re7 26. Re2 Qd5 27. Rbe1 Rg8 28. Rc2 Bf6 29. Rec1 Rgg7 30. Rc8 Rgf7 31. R1c4 Bg7 32. a4 e5 33. R4c6 Bf6 34. Qxf5+ Kg7 35. Qg4+ 1-0

[Event "Chigorin Memorial 22nd"]
[Site "St Petersburg"]
[Date "2014.10.20"]
[Round "3"]
[White "Krapivin, Alexander"]
[Black "Zherebtsova, Alexandra"]
[Result "1-0"]
[WhiteElo "2442"]
[BlackElo "2142"]
[PlyCount "76"]
[EventDate "2014.10.18"]
[EventType "swiss"]
[EventRounds "9"]
[EventCountry "RUS"]
[SourceTitle "EXT 2015"]
[Source "ChessBase"]
[SourceDate "2014.11.20"]
[SourceVersion "1"]
[SourceVersionDate "2014.11.20"]
[SourceQuality "1"]

1. Nf3 Nf6 2. b3 c5 3. Bb2 Nc6 4. e3 g6 5. Nc3 Bg7 6. Ne4 b6 7. Nxf6+ exf6 8. Be2 Bb7 9. 0-0 0-0 10. d4 f5 11. Rb1 d6 12. c3 Re8 13. Qd2 Qe7 14. Bc4 Rad8 15. Bd5 Nb8 16. Bxb7 Qxb7 17. Rfd1 Qe7 18. Qd3 Nd7 19. Qb5 Nf6 20. Rd3 Ne4 21. Rbd1 g5 22. Nd2 cxd4 23. cxd4 Nxd2 24. R3xd2 Qe4 25. d5 Bxb2 26. Rxb2 Rc8 27. Rbd2 Red8 28. Rd4 Qc2 29. h4 Rc5 30. Qa6 Ra5 31. Qb7 Rxa2 32. Rf1 g4 33. Qe7 Qc8 34. Qg5+ Kh8 35. Qf6+ Kg8 36. Rf4 Qd7 37. Rxf5 a5 38. Rg5+ Kf8 1-0